[Event "Remote Swiss email"]
[Site "Remote email"]
[Date "2012.08.23"]
[Round "3"]
[White "Mohand Oussaid, Malik"]
[Black "Barbosa, Luiz Francisco da S"]
[Result "0-1"]
[WhiteElo "1641"]
[BlackElo "1918"]
[PlyCount "98"]
[EventDate "2012.??.??"]
[EventType "swiss (corr)"]
[EventRounds "6"]
[EventCountry "GER"]
[SourceTitle "Corr 2015"]
[Source "ChessBase"]
[SourceDate "2015.07.17"]
[SourceVersion "1"]
[SourceVersionDate "2015.07.17"]
[SourceQuality "1"]

1. Nf3 Nf6 2. d4 e6 3. c4 Bb4+ 4. Bd2 Qe7 5. a3 Bxd2+ 6. Nbxd2 d6 7. e3 0-0 8. Bd3 e5 9. Qc2 h6 10. 0-0 a5 11. Bf5 Bxf5 12. Qb3 b6 13. Rfe1 e4 14. Nh4 Bd7 15. g3 Re8 16. Ng2 a4 17. Qc2 c5 18. d5 Bg4 19. Nb1 Nbd7 20. Nc3 Ne5 21. Rec1 Nxc4 22. Nxe4 Qxe4 23. Qxc4 Qxc4 24. Rxc4 b5 25. Rf4 Be2 26. Nh4 Nxd5 27. Rf5 Re5 28. Re1 Bg4 29. Rxe5 dxe5 30. f3 Be6 31. e4 Ne7 32. Rd1 Kf8 33. Ng2 Ke8 34. Ne3 Rd8 35. Rc1 c4 36. Rc2 Rd3 37. Kf2 Nc6 38. Rc1 Nd4 39. Nf1 Rxf3+ 40. Kg2 Rb3 41. Rb1 c3 42. Ne3 Rxb2+ 43. Rxb2 cxb2 44. Nd5 Bxd5 45. exd5 b1Q 46. Kh3 Qf1+ 47. Kh4 g5+ 48. Kg4 f5+ 49. Kh5 Kf7 0-1

[Event "Remote Swiss email"]
[Site "Remote email"]
[Date "2012.08.23"]
[Round "3"]
[White "Mohand Oussaid, Malik"]
[Black "Mehlhorn, Wolfgang"]
[Result "0-1"]
[WhiteElo "1641"]
[BlackElo "2451"]
[PlyCount "74"]
[EventDate "2012.??.??"]
[EventType "swiss (corr)"]
[EventRounds "6"]
[EventCountry "GER"]
[SourceTitle "Corr 2015"]
[Source "ChessBase"]
[SourceDate "2015.07.17"]
[SourceVersion "1"]
[SourceVersionDate "2015.07.17"]
[SourceQuality "1"]

1. Nf3 Nf6 2. c4 e6 3. Nc3 Bb4 4. d3 d5 5. Qa4+ Nc6 6. a3 Bxc3+ 7. bxc3 0-0 8. g3 Bd7 9. Bg2 Nd4 10. Qd1 Nxf3+ 11. Bxf3 c5 12. Qb3 Bc6 13. cxd5 exd5 14. Qc2 Rc8 15. 0-0 d4 16. Bxc6 Rxc6 17. Bg5 dxc3 18. Qxc3 Nd5 19. Qc1 Qd7 20. Qc4 a6 21. a4 Re8 22. Rfe1 Rce6 23. Qg4 b6 24. Rec1 h6 25. Bd2 Nf6 26. Qh3 Qd8 27. Rc3 Rxe2 28. Rd1 Qd4 29. Qf5 Rxd2 30. Rcc1 Rxd1+ 31. Rxd1 Ne4 32. Kg2 c4 33. Qf3 Ng5 34. Qc6 Re2 35. Qc8+ Kh7 36. Qf5+ g6 37. Qc8 Qxf2+ 0-1

[Event "Remote 7er 0087 email"]
[Site "Remote email"]
[Date "2012.01.16"]
[Round "?"]
[White "Fernandez Ballon, Armel"]
[Black "Mohand Oussaid, Malik"]
[Result "1-0"]
[WhiteElo "2360"]
[BlackElo "1982"]
[PlyCount "51"]
[EventDate "2012.??.??"]
[EventType "tourn (corr)"]
[EventRounds "6"]
[EventCountry "GER"]
[SourceTitle "Corr 2015"]
[Source "ChessBase"]
[SourceDate "2015.07.17"]
[SourceVersion "1"]
[SourceVersionDate "2015.07.17"]
[SourceQuality "1"]

1. d4 d5 2. c4 c6 3. Nc3 Nf6 4. Nf3 e6 5. Bg5 Be7 6. e3 0-0 7. Qc2 Nbd7 8. 0-0-0 Qa5 9. Kb1 Bb4 10. Nd2 Bxc3 11. Qxc3 Qa4 12. Bd3 h6 13. Bf4 b6 14. Bc2 Qa6 15. e4 Bb7 16. e5 Ne8 17. cxd5 cxd5 18. Qg3 Kh8 19. Qh3 f5 20. Nf3 Rf7 21. Ng5 Re7 22. Nxe6 Rc8 23. Bxf5 Qe2 24. Bxh6 gxh6 25. Qxh6+ Kg8 26. Rhe1 1-0

[Event "Remote 7er 0087 email"]
[Site "Remote email"]
[Date "2012.01.16"]
[Round "?"]
[White "Mohand Oussaid, Malik"]
[Black "Sevilla, Andres"]
[Result "0-1"]
[WhiteElo "1982"]
[BlackElo "2427"]
[PlyCount "88"]
[EventDate "2012.??.??"]
[EventType "tourn (corr)"]
[EventRounds "6"]
[EventCountry "GER"]
[SourceTitle "Corr 2015"]
[Source "ChessBase"]
[SourceDate "2015.07.17"]
[SourceVersion "1"]
[SourceVersionDate "2015.07.17"]
[SourceQuality "1"]

1. Nf3 d5 2. d4 Nf6 3. c4 c6 4. Nc3 e6 5. e3 Nbd7 6. Bd3 dxc4 7. Bxc4 b5 8. Bd3 Bb7 9. 0-0 a6 10. a3 c5 11. Qe2 Bd6 12. Bd2 0-0 13. Rac1 Qb6 14. Na2 Bxf3 15. Qxf3 cxd4 16. exd4 Qxd4 17. Bc3 Qd5 18. Qxd5 Nxd5 19. Bd2 Nc5 20. Bc2 Rac8 21. Nc3 Nf4 22. Rcd1 Be5 23. Bxf4 Bxf4 24. g3 Be5 25. Bb1 Bxc3 26. bxc3 Na4 27. Rd6 Nxc3 28. Rxa6 Ra8 29. Rc6 Rxa3 30. f4 h5 31. f5 e5 32. Kg2 Rd8 33. Kh3 f6 34. Rc1 b4 35. Rc4 Rd4 36. Rc8+ Kh7 37. Bc2 Rd2 38. Rc4 Kh6 39. Bb1 Nd5 40. Rh1 Kg5 41. Rf1 Ne3 42. Rc7 Nxf1 43. Rxg7+ Kh6 44. Rg6+ Kh7 0-1

[Event "OP-2011-0-01608"]
[Site "LSS email"]
[Date "2011.06.20"]
[Round "?"]
[White "Mohand Oussaid, Malik"]
[Black "Szczepanski, Zbigniew"]
[Result "0-1"]
[WhiteElo "1461"]
[BlackElo "2480"]
[PlyCount "62"]
[EventDate "2011.06.18"]
[EventType "tourn (corr)"]
[EventRounds "4"]
[EventCountry "GER"]
[SourceTitle "Telechess CBM 151"]
[Source "ChessBase"]
[SourceDate "2012.11.13"]
[SourceVersion "1"]
[SourceVersionDate "2012.11.13"]
[SourceQuality "1"]

1. Nf3 d5 2. d4 Nf6 3. c4 c6 4. e3 e6 5. Bd3 Nbd7 6. 0-0 dxc4 7. Bxc4 Bd6 8. Nc3 b5 9. Bd3 0-0 10. b3 Bb7 11. Bb2 a6 12. Rc1 c5 13. Re1 Qb8 14. h3 c4 15. Bb1 b4 16. Ne2 c3 17. Ba1 Ne4 18. Bc2 f5 19. Nf4 Bxf4 20. exf4 Qxf4 21. Qe2 Bd5 22. Bxe4 fxe4 23. Nh2 a5 24. Qe3 Qxe3 25. Rxe3 a4 26. a3 axb3 27. Bxc3 bxa3 28. Bb4 a2 29. Bc3 Rac8 30. Ree1 Rxc3 31. Rxc3 b2 0-1

[Event "ZI-2010-0-00805"]
[Site "LSS email"]
[Date "2010.10.09"]
[Round "?"]
[White "Mohand Oussaid, Malik"]
[Black "Kravchenko, Daniil"]
[Result "0-1"]
[WhiteElo "1472"]
[BlackElo "1528"]
[PlyCount "88"]
[EventDate "2010.09.29"]
[EventType "match (corr)"]
[EventRounds "2"]
[EventCountry "GER"]
[SourceTitle "Telechess CBM 145"]
[Source "Chessbase"]
[SourceDate "2011.11.11"]
[SourceVersion "1"]
[SourceVersionDate "2011.11.11"]
[SourceQuality "1"]

1. e4 c6 2. d4 d5 3. Nd2 g6 4. Ngf3 Bg7 5. Be2 Nf6 6. exd5 cxd5 7. 0-0 Nc6 8. c3 0-0 9. Ne5 Nxe5 10. dxe5 Nd7 11. f4 Qb6+ 12. Kh1 f6 13. Nf3 e6 14. Qd4 Qc7 15. Bd3 fxe5 16. fxe5 Nxe5 17. Nxe5 Rxf1+ 18. Bxf1 Bxe5 19. Qh4 Bd7 20. Bh6 Qd8 21. Bg5 Qb6 22. Re1 Bg7 23. b4 Bxc3 24. Bh6 Qxb4 25. Qxb4 Bxb4 26. Rb1 Bf8 27. Bxf8 Rxf8 28. Kg1 b6 29. Bd3 e5 30. Rc1 Rc8 31. Rd1 Kf7 32. Be4 d4 33. Kf2 Ke6 34. Ke2 Rc3 35. Bf3 Bb5+ 36. Ke1 Re3+ 37. Kf2 Ra3 38. Rd2 Bc4 39. Bd1 Rxa2 40. Rxa2 Bxa2 41. Bc2 b5 42. g3 b4 43. Bd1 e4 44. Bg4+ Kd5 0-1

[Event "FICGS W-ch st1 g22 email"]
[Site "FICGS email"]
[Date "2010.08.13"]
[Round "1"]
[White "Hase, Pavel"]
[Black "Mohand Oussaid, Malik"]
[Result "1-0"]
[WhiteElo "2181"]
[BlackElo "1728"]
[PlyCount "57"]
[EventDate "2010.??.??"]
[EventType "tourn (corr)"]
[EventRounds "6"]
[SourceTitle "Corr 2013"]
[Source "ChessBase"]
[SourceDate "2012.11.12"]
[SourceVersion "1"]
[SourceVersionDate "2012.11.12"]
[SourceQuality "1"]

1. e4 e5 2. f4 exf4 3. Bc4 Nf6 4. Nc3 d6 5. d4 c6 6. Bxf4 Be7 7. Nf3 Bg4 8. h3 Bxf3 9. Qxf3 0-0 10. 0-0-0 b5 11. Bxb5 cxb5 12. e5 Na6 13. exf6 Bxf6 14. Nxb5 d5 15. Nc3 Nb4 16. a3 Nc6 17. Nxd5 Nxd4 18. Qe4 Ne6 19. Bg3 Ng5 20. Qh4 Rc8 21. Rhf1 Qa5 22. Rxf6 gxf6 23. Nxf6+ Kg7 24. Rd5 Qxd5 25. Nxd5 h6 26. Be5+ Kg6 27. Ne7+ Kh7 28. Qf2 f5 29. Nxc8 1-0

[Event "LSS SC-2010-0-00057"]
[Site "LSS email"]
[Date "2010.04.21"]
[Round "?"]
[White "Mohand Oussaid, Malik"]
[Black "Khlopov, Sergej"]
[Result "0-1"]
[WhiteElo "1502"]
[BlackElo "1858"]
[PlyCount "86"]
[EventDate "2010.03.04"]
[EventType "tourn (corr)"]
[EventRounds "6"]
[EventCountry "GER"]
[SourceTitle "Telechess CBM 141"]
[Source "ChessBase"]
[SourceDate "2011.03.17"]
[SourceVersion "1"]
[SourceVersionDate "2011.03.17"]
[SourceQuality "1"]

1. Nf3 d5 2. d4 Nf6 3. c4 c6 4. e3 e6 5. Nc3 Nbd7 6. Bd3 dxc4 7. Bxc4 b5 8. Bd3 Bb7 9. 0-0 a6 10. b3 c5 11. Bb2 cxd4 12. exd4 Be7 13. Qe2 0-0 14. Rac1 Qb6 15. Rfd1 Nd5 16. Nxd5 Bxd5 17. Bb1 Qb7 18. Rc3 Rac8 19. Rdc1 Rxc3 20. Rxc3 Nf6 21. Qc2 Bd6 22. Qc1 b4 23. Rd3 Be4 24. Rd1 Bxf3 25. gxf3 Qxf3 26. Rd3 Bxh2+ 27. Kf1 Qh1+ 28. Ke2 Qg2 29. Rf3 Nd5 30. Qc2 g6 31. Qe4 Rc8 32. Qh4 Qg1 33. Bd3 Rc1 34. Qd8+ Kg7 35. Rxf7+ Kxf7 36. Qd7+ Kf6 37. Qd8+ Kg7 38. Qd7+ Kh6 39. Bxc1+ Qxc1 40. Bc4 Nc3+ 41. Kf3 Qh1+ 42. Kg4 Qg2+ 43. Kh4 g5# 0-1

[Event "LSS SC-2010-0-00057"]
[Site "LSS email"]
[Date "2010.04.20"]
[Round "?"]
[White "Albesa, Alfredo Ricardo"]
[Black "Mohand Oussaid, Malik"]
[Result "0-1"]
[WhiteElo "1389"]
[BlackElo "1485"]
[PlyCount "60"]
[EventDate "2010.03.04"]
[EventType "tourn (corr)"]
[EventRounds "6"]
[EventCountry "GER"]
[SourceTitle "Corr 2013"]
[Source "ChessBase"]
[SourceDate "2012.11.12"]
[SourceVersion "1"]
[SourceVersionDate "2012.11.12"]
[SourceQuality "1"]
[WhiteTeam "US of America"]
[BlackTeam "US of America"]
[WhiteTeamCountry "USA"]
[BlackTeamCountry "USA"]

1. e4 c5 2. Nf3 Nc6 3. d4 cxd4 4. Nxd4 e6 5. Nb5 d6 6. c4 a6 7. N5a3 Nf6 8. Nc3 Be7 9. Be2 0-0 10. 0-0 e5 11. Be3 Bd7 12. Nc2 h6 13. a3 Re8 14. Nb4 Bf8 15. Nbd5 Nxd5 16. Nxd5 Be6 17. Qd3 Bxd5 18. cxd5 Ne7 19. Bg4 Ng6 20. g3 Be7 21. Qb3 b5 22. h4 Nf8 23. a4 Qb8 24. Kg2 Rd8 25. Rfc1 Nd7 26. axb5 a5 27. Rc6 Qb7 28. b6 Nb8 29. Rc7 Qa6 30. Rxe7 a4 0-1

[Event "LSS SC-2010-0-00057"]
[Site "LSS email"]
[Date "2010.04.20"]
[Round "?"]
[White "Pagano, Marcelo Rafael"]
[Black "Mohand Oussaid, Malik"]
[Result "1-0"]
[WhiteElo "1681"]
[BlackElo "1505"]
[PlyCount "55"]
[EventDate "2010.03.04"]
[EventType "tourn (corr)"]
[EventRounds "6"]
[EventCountry "GER"]
[SourceTitle "Telechess CBM 141"]
[Source "ChessBase"]
[SourceDate "2011.03.17"]
[SourceVersion "1"]
[SourceVersionDate "2011.03.17"]
[SourceQuality "1"]

1. d4 Nf6 2. Nf3 d5 3. c4 c6 4. Nc3 e6 5. Bg5 Be7 6. e3 0-0 7. Qc2 h6 8. Bh4 Nbd7 9. a3 a5 10. Bd3 dxc4 11. Bxc4 Nd5 12. Bxe7 Qxe7 13. 0-0 Nxc3 14. bxc3 b5 15. Bd3 Nb6 16. Rfb1 Bd7 17. Ne5 Rfb8 18. f4 Be8 19. e4 f6 20. Ng4 h5 21. Ne3 Qd6 22. Qf2 Ra7 23. e5 Qe7 24. a4 b4 25. cxb4 axb4 26. a5 Nd5 27. Nxd5 cxd5 28. Qe3 1-0

[Event "LSS BI-2010-P-00011"]
[Site "LSS email"]
[Date "2010.04.19"]
[Round "?"]
[White "Mohand Oussaid, Malik"]
[Black "Lingen, Rainer"]
[Result "1-0"]
[WhiteElo "1545"]
[BlackElo "1859"]
[PlyCount "43"]
[EventDate "2010.04.22"]
[EventType "tourn (corr)"]
[EventRounds "10"]
[EventCountry "GER"]
[SourceTitle "Telechess CBM 141"]
[Source "ChessBase"]
[SourceDate "2011.03.17"]
[SourceVersion "1"]
[SourceVersionDate "2011.03.17"]
[SourceQuality "1"]

1. b3 e5 2. Bb2 d6 3. c4 Nf6 4. e3 g6 5. Nc3 Bg7 6. Nf3 0-0 7. Be2 e4 8. Nd4 c5 9. Nc2 Nc6 10. d3 exd3 11. Bxd3 Re8 12. 0-0 d5 13. Nxd5 Nxd5 14. Bxg7 Ndb4 15. Nxb4 Nxb4 16. Bxg6 Kxg7 17. Bh5 Qxd1 18. Rfxd1 Be6 19. Rd6 Rad8 20. Rxd8 Rxd8 21. a3 Nd3 22. Kf1 1-0

[Event "LSS BI-2010-P-00011"]
[Site "LSS email"]
[Date "2010.04.19"]
[Round "?"]
[White "Sheers, Matthew Philip"]
[Black "Mohand Oussaid, Malik"]
[Result "1-0"]
[WhiteElo "1897"]
[BlackElo "1530"]
[PlyCount "63"]
[EventDate "2010.04.22"]
[EventType "tourn (corr)"]
[EventRounds "10"]
[EventCountry "GER"]
[SourceTitle "Telechess CBM 141"]
[Source "ChessBase"]
[SourceDate "2011.03.17"]
[SourceVersion "1"]
[SourceVersionDate "2011.03.17"]
[SourceQuality "1"]

1. d4 Nf6 2. c4 e6 3. g3 Bb4+ 4. Bd2 Qe7 5. Nf3 d5 6. Bg2 0-0 7. 0-0 Bxd2 8. Nbxd2 Nbd7 9. Qc2 c6 10. Qc3 dxc4 11. Nxc4 b6 12. Nfe5 Bb7 13. Bxc6 Nxe5 14. Bxb7 Qxb7 15. dxe5 Nd5 16. Qb3 Qe7 17. e4 Qb4 18. exd5 Qxb3 19. axb3 exd5 20. Nd6 f6 21. e6 Rfd8 22. Nb5 Kf8 23. Rfe1 Ke7 24. Nd4 Rdc8 25. Nf5+ Kf8 26. e7+ Kg8 27. Nd6 h5 28. Nxc8 Rxc8 29. e8Q+ Rxe8 30. Rxe8+ Kf7 31. Rb8 Kg6 32. Rxa7 1-0

[Event "IECC CL2-2009.13 email"]
[Site "IECC email"]
[Date "2009.12.30"]
[Round "?"]
[White "Adams, Mark"]
[Black "Mohand Oussaid, Malik"]
[Result "1-0"]
[WhiteElo "2175"]
[BlackElo "2081"]
[PlyCount "97"]
[EventDate "2009.??.??"]
[EventType "tourn (corr)"]
[EventRounds "4"]
[SourceTitle "Telechess CBM 149"]
[Source "ChessBase"]
[SourceDate "2012.07.17"]
[SourceVersion "1"]
[SourceVersionDate "2012.07.17"]
[SourceQuality "1"]
[WhiteTeam "Wales"]
[BlackTeam "Australia"]
[WhiteTeamCountry "WLS"]
[BlackTeamCountry "AUS"]

1. e4 e5 2. Nf3 Nc6 3. Bb5 a6 4. Ba4 Nf6 5. d3 d6 6. c3 g6 7. Bg5 Bg7 8. Nbd2 b5 9. Bb3 Na5 10. Bc2 c5 11. a4 Rb8 12. axb5 axb5 13. Nf1 Qc7 14. Ne3 Be6 15. 0-0 0-0 16. Qe2 Nc6 17. Nd2 Nh5 18. g3 Ne7 19. Bb3 Bxb3 20. Nxb3 Nf6 21. Qf3 Ne8 22. Bxe7 Qxe7 23. Nd5 Qd8 24. Ra7 Kh8 25. Na5 Qg5 26. Nc6 Rc8 27. Rxf7 Nf6 28. Na7 Rxf7 29. Nxc8 Rf8 30. Nxd6 Qd2 31. Qe3 Qxb2 32. Nxf6 Bxf6 33. Qxc5 Kg7 34. Nxb5 Qc2 35. Qd5 Rd8 36. Nd6 Rf8 37. c4 Qc3 38. c5 Be7 39. Qb7 Kf6 40. Nc4 Qxd3 41. Nxe5 Qe2 42. Nd7+ Kf7 43. Nxf8 Kxf8 44. c6 Qxe4 45. Rd1 h5 46. Qb8+ Kg7 47. c7 Qe2 48. Rb1 h4 49. c8Q 1-0

[Event "IECC CL2-2009.13 email"]
[Site "IECC email"]
[Date "2009.12.30"]
[Round "?"]
[White "Mohand Oussaid, Malik"]
[Black "Agulnick, Michael"]
[Result "0-1"]
[WhiteElo "2055"]
[BlackElo "2046"]
[PlyCount "62"]
[EventDate "2009.??.??"]
[EventType "tourn (corr)"]
[EventRounds "4"]
[SourceTitle "Telechess CBM 149"]
[Source "ChessBase"]
[SourceDate "2012.07.17"]
[SourceVersion "1"]
[SourceVersionDate "2012.07.17"]
[SourceQuality "1"]
[WhiteTeam "Australia"]
[BlackTeam "US of America"]
[WhiteTeamCountry "AUS"]
[BlackTeamCountry "USA"]

1. d4 e6 2. c4 Bb4+ 3. Bd2 Bxd2+ 4. Nxd2 f5 5. e3 Nf6 6. Ngf3 0-0 7. Qc2 b6 8. Bd3 c5 9. 0-0 Bb7 10. Rfe1 Nc6 11. a3 Qc7 12. Rac1 Rae8 13. e4 fxe4 14. Nxe4 Ng4 15. Ng3 Rxf3 16. Bxh7+ Kh8 17. Qg6 Rff8 18. Qxg4 Kxh7 19. Ne4 Kg8 20. Ng5 Qf4 21. Qh5 Qxf2+ 22. Kh1 Qf5 23. h4 cxd4 24. Kh2 Ne5 25. Rxe5 Qxe5+ 26. Kh3 Qf5+ 27. Kh2 Qf4+ 28. Kh3 Bxg2+ 29. Kxg2 Qd2+ 30. Kg3 Qe3+ 31. Nf3 Rxf3+ 0-1

[Event "LSS WC-2009-F-00011"]
[Site "LSS email"]
[Date "2009.11.03"]
[Round "?"]
[White "Mohand Oussaid, Malik"]
[Black "Schalkwijk, Peter H"]
[Result "1/2-1/2"]
[WhiteElo "1587"]
[BlackElo "1529"]
[PlyCount "24"]
[EventDate "2009.11.08"]
[EventType "tourn (corr)"]
[EventRounds "10"]
[EventCountry "GER"]
[SourceTitle "Corr 2013"]
[Source "ChessBase"]
[SourceDate "2012.11.12"]
[SourceVersion "1"]
[SourceVersionDate "2012.11.12"]
[SourceQuality "1"]
[WhiteTeam "US of America"]
[BlackTeam "US of America"]
[WhiteTeamCountry "USA"]
[BlackTeamCountry "USA"]

1. d4 Nf6 2. Nf3 d5 3. c4 dxc4 4. Nc3 c5 5. d5 e6 6. e4 exd5 7. exd5 Bd6 8. Bxc4 0-0 9. 0-0 Bg4 10. Bg5 Nbd7 11. Be2 h6 12. Bh4 Qb6 1/2-1/2